|
|
|
|
| LEADER |
01036cjm a2200301 a 4500 |
| 001 |
022599 |
| 003 |
AR-BeUNQ |
| 005 |
20220809120310.0 |
| 008 |
110404p19981997nyusun i d |
| 999 |
|
|
|c 3237
|d 78624
|
| 040 |
|
|
|a EYH
|d FNP
|d AR-BeUNQ
|e aacr
|b spa
|
| 082 |
0 |
4 |
|a 784.23
|2 21
|
| 100 |
1 |
|
|a Kisin, Evgeny
|d 1971-
|
| 245 |
1 |
0 |
|a Evgeny Kissin
|h [grabación sonora].
|
| 260 |
|
|
|a New York :
|b RCA Victor Red Seal ;
|c p1998.
|
| 300 |
|
|
|a 1 CD ROM (1 h. 3min.) :
|b digital, estéreo ;
|c 4 3/4 plg +
|e 1 folleto (15 p. ; 12 cm.)
|
| 546 |
|
|
|a Notas en inglés, fracés y alemán.
|
| 650 |
|
0 |
|a Música
|2 spines
|
| 650 |
|
0 |
|a Música clásica
|2 unescot
|
| 653 |
|
|
|a Concierto
|
| 653 |
|
|
|a Piano
|
| 653 |
|
|
|a CD-Audio
|
| 700 |
1 |
|
|a Busoni, Ferruccio
|d 1866-1924
|4 arr
|
| 700 |
1 |
|
|a Bach, Johann Sebastian,
|d 1685-1750
|9 2004
|
| 700 |
1 |
|
|a Beethoven, Ludwig van,
|d 1770-1827
|9 2027
|
| 700 |
1 |
|
|a Schumann, Robert,
|d 1810-1856
|9 3325
|
| 929 |
|
|
|a DONACION
|b Martín Liut
|d 0
|e 20100318
|f PAT0033921
|g 1502 Exp. 827-0387/98
|j 46155
|
| 942 |
|
|
|c CD
|n 0
|